العلمانية ونهضتنا الحديثة / (Record no. 14129)
[ view plain ]
| 000 -LEADER | |
|---|---|
| fixed length control field | 00483nam a22001457a 4500 |
| 008 - FIXED-LENGTH DATA ELEMENTS--GENERAL INFORMATION | |
| fixed length control field | 100620t xxu||||| |||| 00| 0 eng d |
| 020 ## - INTERNATIONAL STANDARD BOOK NUMBER | |
| International Standard Book Number | 9771480502 |
| 082 ## - DEWEY DECIMAL CLASSIFICATION NUMBER | |
| Edition number | 22 |
| Classification number | 201.16 |
| Item number | ع م ا |
| 245 ## - TITLE STATEMENT | |
| Title | العلمانية ونهضتنا الحديثة / |
| Statement of responsibility, etc | محمد عمارة |
| 260 ## - PUBLICATION, DISTRIBUTION, ETC. (IMPRINT) | |
| Place of publication, distribution, etc | القاهرة : |
| Name of publisher, distributor, etc | دار الشروق ، 1986 |
| Date of publication, distribution, etc | 1986 |
| 300 ## - PHYSICAL DESCRIPTION | |
| Extent | 211 ص ؛ |
| Dimensions | 20 سم |
| 500 ## - GENERAL NOTE | |
| General note | إهداء :علاء عبد الغني |
| 650 ## - SUBJECT ADDED ENTRY--TOPICAL TERM | |
| 9 (RLIN) | 8609 |
| Topical term or geographic name as entry element | العلمانية |
| 942 ## - ADDED ENTRY ELEMENTS (KOHA) | |
| Source of classification or shelving scheme | Dewey Decimal Classification |
| Item type | Book - Borrowing |
| Withdrawn status | Item status | Source of classification or shelving scheme | Damaged status | Not for loan | Vendor | Home library | Current library | Shelving location | Date acquired | Source of acquisition | Total Checkouts | Total Renewals | Full call number | Barcode | Date last seen | Date last borrowed | Koha item type |
|---|---|---|---|---|---|---|---|---|---|---|---|---|---|---|---|---|---|
| Dewey Decimal Classification | Central Library | Central Library | Lower Floor | 20/06/2010 | Donation | 6 | 13 | 201.16 عما | 000021005 | 15/07/2025 | 11/03/2014 | Book - Borrowing |